Miasta północnego Mazowsza - Statystyki

Ogólne statystyki
  • Ten quiz został rozwiązany 15 razy
  • Średni wynik to 8 z 15
Statystyki odpowiedzi
Liczba
Mieszkańców
Odpowiedz % Poprawnych
110 015 Płock
100%
48 229 Ostrołeka
93%
41 740 Ciechanów
87%
30 802 Mława
73%
21 530 Płońsk
67%
16 941 Sierpc
60%
8488 Żuromin
60%
19 064 Pułtusk
53%
9106 Maków Mazowiecki
47%
16 884 Przasnysz
47%
26 019 Wyszków
47%
21 530 Ostrów Mazowiecka
40%
16 986 Gostynin
20%
7662 Nasielsk
20%
3966 Raciąż
7%
Nie znaleziono quizów pasujących do podanych kryteriów
Rozkład punktacji
Procent ludzi z każdym wynikiem
Percentyl według liczby udzielonych odpowiedzi
Twoja historia wyników
Nie rozwiązałeś tego quizu